Responses for Show #2824 - Thursday, December 5, 1996

Contestants

[<< previous game]

Sally Donovan, an insurance executive from Harleysville, Pennsylvania

Glenn Salzman, an attorney from Arlington, Virginia

Gay Mollette, a procurement manager originally from Detroit, Michigan (whose 2-day cash winnings total $18,001)

[next game >>]

Jeopardy! Round responses

MODERN HISTORY
FURNITURE
COUNTRY MUSIC TOURISM
LITERARY HODGEPODGE
THE MARINE CORPS
"MAN"LY WORDS & PHRASES
    $100 6
Earthquake

Gay
    $100 16
Ebony

Gay
    $100 19
Dolly Parton

Glenn
    $100 1
Garrison Keillor

Gay
    $100 26
General

Sally
    $100 7
"Patty Cake, Patty Cake, Baker's Man"

Gay
    $200 12
Shroud of Turin

Glenn
    $200 17
Desk

Gay
    $200 22
(Glenn: What is the Grand Ole Opry?)
...
(Alex: Grand Ole Opry has been around a lot longer.)

Opryland USA

Glenn
Triple Stumper
    $200 2
James Michener

Glenn
    $200 27
"Semper Fidelis"

Sally
    $200 8
(Gay: What is "And a giant step for mankind?")
(Glenn: What is "And a giant leap for mankind?")

"One Giant Leap for Mankind"

GayGlenn
Triple Stumper
    $300 13
Thor Heyerdahl

Gay
    $300 18
Coffee Table

Glenn
    $300 23
(Alex: We have a minute to go in the round.)

Loretta Lynn

Glenn
    $300 3
1984

Glenn
    $300 28
Leathernecks

Gay
    $300 9
Mandate

Gay
    $400 14
Virgil "Gus" Grissom

Glenn
    $400 20
Glass

Gay
    $400 24
Pleasure Island

Sally
    $400 4
Samuel Taylor Coleridge

Gay
    $500 29
[The raising of the flag on Mount Suribachi]
[The end-of-round signal sounds.]

Iwo Jima

Gay
    $400 10
Manicotti

Glenn
    $500 15
Turkey

Sally
    $500 21
(Sally: What is the leg?)

feet

GaySally
    $500 25
Myrtle Beach

Glenn
    $500 5
Theodore Dreiser

Sally
    $500 11
(Gay: What's a...)

Doberman Pinscher

Gay
Triple Stumper

Scores at the first commercial break (after clue 14):

Gay Glenn Sally
$600 $1,300 $500

Scores at the end of the Jeopardy! Round:

Gay Glenn Sally
$2,600 $2,300 $1,200

Double Jeopardy! Round responses

GYMNASTICS
U.S.A.
WORLD LEADERS
ANATOMY
THEATRE
POT LUCK
    $200 8
(Alex: They're thinking of bringing it back for the next Olympics, by the way!)

Bull

Glenn
    $200 11
Alaska

Sally
    $200 6
Saddam Hussein

Glenn
    $200 18
Brain

Gay
    $200 1
Woody Allen

Gay
    $200 30
Bass

Gay
    $400 9
Uneven parallel bars

Glenn
    $400 12
Mother Goose

Gay
    $400 7
John Major

Glenn
    $400 19
Capillaries

Glenn
    $400 2
"Grease"

Glenn
    $400 29
Prison/Jail

Sally
    $600 10
Floor exercise

Gay
    $600 15
Illinois

Glenn
    $600 23
Nelson Mandela

Gay
    $600 20
Pituitary Gland

Gay
    $600 3
"One Flew Over The Cuckoo's Nest"

Glenn
    $600 28
Venus

Glenn
    $800 13
(Sally: What is tennis?)
(Gay: What is rhythm gymnastics?)
(Alex: No, can't accept it.)

rhythmic gymnastics

GayGlennSally
    $800 16
Lake Mead

Glenn
    $1,200 24
(Gay: Who is... Edward... [wrong name, then a second later gets right response]?)
(Alex: We had to rule against you.)
...
(Alex: We've got a minute to go in the round.)

Eduard Shevardnadze

Gay
    $800 21
rickets

Gay
    $1,000 4
"On Golden Pond"

Glenn
    $800 26
"The Prince"

Gay
    $1000 14
Pommels

Glenn
    $1000 17
(Glenn: What is the Seminole War?)

the Creek Indian War

Glenn
Triple Stumper
    $1000 25
Violeta Chamorro

Triple Stumper
    $1000 22
Stapes

Triple Stumper
    $1000 5
Aristophanes

Sally
    $1000 27
Jamaica

Gay

Scores at the end of the Double Jeopardy! Round:

Gay Glenn Sally
$6,000 $8,700 $2,000

[wagering suggestions for these scores]

Final Jeopardy! Round responses

SOUTH AMERICA
SallyWhat is Venezuela
$1,900
GayWhat is Venezuela?
$0
GlennWhat is Colombia?
$3,301
Venezuela

Final scores:

Gay Glenn Sally
$6,000 $5,399 $3,900
3-day champion: $24,001 2nd place: Trip to Tortola, BVI 3rd place: Amana Top-Mount Refrigerator

Game dynamics:

Coryat scores:

Gay Glenn Sally
$7,100 $8,500 $2,000
22 R
(including 1 DD),
4 W
(including 1 DD)
22 R
(including 1 DD),
3 W
8 R,
2 W

Combined Coryat: $17,600

[game clues] [game scores] [suggest correction]

Game tape date: 1996-10-15
The J! Archive is created by fans, for fans. Scraping, republication, monetization, and malicious use prohibited; this site may use cookies and collect identifying information. See terms. The Jeopardy! game show and all elements thereof, including but not limited to copyright and trademark thereto, are the property of Jeopardy Productions, Inc. and are protected under law. This website is not affiliated with, sponsored by, or operated by Jeopardy Productions, Inc. Join the discussion at JBoard.tv.